Palli Samaj (Bangla) (Record no. 4096)

MARC details
000 -LEADER
fixed length control field 00384nam a22001697a 4500
005 - DATE AND TIME OF LATEST TRANSACTION
control field 20160625172742.0
008 - FIXED-LENGTH DATA ELEMENTS--GENERAL INFORMATION
fixed length control field 160625b xxu||||| |||| 00| 0 eng d
020 ## - INTERNATIONAL STANDARD BOOK NUMBER
ISBN 978-81-295-1862-0
041 ## - LANGUAGE CODE
Language code of text/sound track or separate title eng
082 ## - DEWEY DECIMAL CLASSIFICATION NUMBER
Item number 10257
100 ## - MAIN ENTRY--AUTHOR NAME
Personal name Chaltopadhy, Sarad Chand
245 ## - TITLE STATEMENT
Title Palli Samaj (Bangla)
260 ## - PUBLICATION, DISTRIBUTION, ETC. (IMPRINT)
Name of publisher Dey's
300 ## - PHYSICAL DESCRIPTION
Number of Pages 96
650 ## - SUBJECT ADDED ENTRY--TOPICAL TERM
Topical Term Bangla
942 ## - ADDED ENTRY ELEMENTS (KOHA)
Koha item type Books
Holdings
Lost status Damaged status Home library Current library Date acquired Cost, normal purchase price Full call number Accession Number Koha item type
Lost   JRU Library JRU Library 25/06/2016 40.00 10257 10257 Books